[Event "Bernate op"]
[Site "Bernate"]
[Date "1999.??.??"]
[Round "3"]
[White "Vujovic, Milorad"]
[Black "Everet, Alexandro"]
[Result "0-1"]
[WhiteElo "2255"]
[BlackElo "2290"]
[PlyCount "86"]
[EventDate "1999.??.??"]
[EventType "swiss"]
[EventRounds "7"]
[EventCountry "ITA"]
[SourceTitle "EXT 2003"]
[Source "ChessBase"]
[SourceDate "2002.11.25"]
[SourceVersion "1"]
[SourceVersionDate "2002.11.25"]
[SourceQuality "1"]

1. e4 g6 2. d4 Bg7 3. Nf3 Nf6 4. Bd3 d6 5. h3 0-0 6. 0-0 Nc6 7. Re1 e5 8. c3 Re8 9. Nbd2 Nh5 10. Nb3 h6 11. a4 Bd7 12. a5 a6 13. Bd2 Qc8 14. Qc1 g5 15. dxe5 Nxe5 16. Be2 Nf6 17. Nxe5 Rxe5 18. Bd3 Nh7 19. f4 Re8 20. fxg5 hxg5 21. Nd4 c5 22. Nf3 g4 23. hxg4 Bxg4 24. Nh2 Be6 25. Bf4 Be5 26. Bxe5 dxe5 27. Qe3 Kh8 28. Qg3 f6 29. Qh4 Rg8 30. Rf1 Rg6 31. Rf2 Qg8 32. Rd2 Qg7 33. Rad1 Rg8 34. Bf1 Rh6 35. Qf2 Ng5 36. Qe3 Rxh2 37. Kxh2 Qh6+ 38. Kg1 Nh3+ 39. Qxh3 Bxh3 40. Rd3 Be6 41. Rd6 Qe3+ 42. Kh2 Rg7 43. g4 Qf2+ 0-1

[Event "Imperia op-A 41th"]
[Site "Imperia"]
[Date "1999.??.??"]
[Round "?"]
[White "Vujovic, Milorad"]
[Black "Ravagnani, Tiziano"]
[Result "0-1"]
[WhiteElo "2255"]
[BlackElo "2025"]
[PlyCount "55"]
[EventDate "1999.08.29"]
[EventType "swiss"]
[EventRounds "9"]
[EventCountry "ITA"]
[SourceTitle "EXT 2006"]
[Source "ChessBase"]
[SourceDate "2005.11.24"]
[SourceVersion "1"]
[SourceVersionDate "2005.11.24"]
[SourceQuality "1"]

1. e4 c5 2. Nf3 Nc6 3. Bb5 g6 4. 0-0 Bg7 5. Re1 Nf6 6. c3 0-0 7. d4 cxd4 8. cxd4 d5 9. e5 Ne4 10. Bd3 Bg4 11. h3 Bxf3 12. gxf3 Nxf2 13. Kxf2 Qb6 14. Nc3 Qxd4+ 15. Be3 Qh4+ 16. Ke2 Bxe5 17. Bf2 Nd4+ 18. Bxd4 Bxd4 19. Kd2 Rac8 20. Qb3 Bf2 21. Red1 Qf4+ 22. Ke2 Qe3+ 23. Kf1 Bg3 24. Rd2 Qxd2 25. Ne2 Bh4 26. Kg2 Rc5 27. f4 Rfc8 28. Kf3 0-1

[Event "Montecatini Terme op"]
[Site "Montecatini Terme"]
[Date "1998.??.??"]
[Round "9"]
[White "Dorin, Mauricio"]
[Black "Vujovic, Milorad"]
[Result "1-0"]
[WhiteElo "2355"]
[BlackElo "2270"]
[PlyCount "77"]
[EventDate "1998.??.??"]
[EventType "swiss"]
[EventRounds "9"]
[EventCountry "ITA"]
[SourceTitle "EXT 2000"]
[Source "ChessBase"]
[SourceDate "1999.11.16"]
[SourceVersion "1"]
[SourceVersionDate "1999.11.16"]
[SourceQuality "1"]

1. e4 c5 2. c3 d6 3. d4 Nf6 4. f3 Nbd7 5. Be3 g6 6. dxc5 dxc5 7. Na3 Bg7 8. Nc4 Qc7 9. a4 b6 10. Qd2 0-0 11. Bf4 e5 12. Bg5 Rd8 13. Qd6 Qxd6 14. Nxd6 Nf8 15. Nxc8 Raxc8 16. Bc4 h6 17. Be3 Rd6 18. Nh3 Rcd8 19. Ke2 g5 20. g4 Ng6 21. Rhd1 Bf8 22. Rxd6 Rxd6 23. a5 Be7 24. axb6 axb6 25. Bb5 Nf4+ 26. Nxf4 gxf4 27. Bf2 h5 28. g5 Nh7 29. h4 Nf8 30. Ra7 Bd8 31. Be8 f6 32. g6 Ne6 33. Rh7 Ng7 34. Bf7+ Kf8 35. Rh8+ Ke7 36. Rg8 Ne6 37. Re8+ Kd7 38. Rxe6 Rxe6 39. g7 1-0